Normal view
MARC view
- El-Ehwany, Naglaa
Entry Personal Name
001 - CONTROL NUMBER
- control field: 34728
003 - CONTROL NUMBER IDENTIFIER
- control field: OSt
005 - DATE AND TIME OF LATEST TRANSACTION
- control field: 20131222114423.0
008 - FIXED-LENGTH DATA ELEMENTS
- fixed length control field: 131222|| aca||aabn | a|a d
040 ## - CATALOGING SOURCE
- Original cataloging agency: OSt
100 1# - HEADING--PERSONAL NAME
- Personal name: El-Ehwany, Naglaa